书目信息 |
| 题名: |
晚清文化史
|
|
| 作者: | 汪林茂 著 | |
| 分册: | ||
| 出版信息: | 合肥 安徽文艺出版社 2016 |
|
| 页数: | 14,428页 | |
| 开本: | 24cm | |
| 丛书名: | 中国历代文化史书系 | |
| 单 册: | ||
| 中图分类: | K252.03 | |
| 科图分类: | ||
| 主题词: | 文化史--wen hua shi--中国--清后期 | |
| 电子资源: | ||
| ISBN: | 978-7-5396-5739-4 | |
| 000 | 00921nam0 22002651 450 | |
| 001 | 0119165258 | |
| 005 | 20170620100410.67 | |
| 010 | @a978-7-5396-5739-4@dCNY58.00 | |
| 100 | @a20161227d2016 em y0chiy50 ea | |
| 101 | 0 | @achi |
| 102 | @aCN@b340000 | |
| 105 | @ay z 000yy | |
| 106 | @ar | |
| 200 | 1 | @a晚清文化史@9wan qing wen hua shi@f汪林茂著 |
| 205 | @a修订版 | |
| 210 | @a合肥@c安徽文艺出版社@d2016 | |
| 215 | @a14,428页@d24cm | |
| 225 | 2 | @a中国历代文化史书系@9zhong guo li dai wen hua shi shu xi |
| 330 | @a本书内容包括:经学的衰变、经典的虚化和经学的异化、走出经学、重整知识和观念体系、开启新方向、规律下的近代文化扩展、伦理观念的更新、西学知识的引进和传播等。 | |
| 461 | 0 | @12001 @a中国历代文化史书系 |
| 606 | 0 | @a文化史@9wen hua shi@y中国@z清后期 |
| 690 | @aK252.03@v5 | |
| 701 | 0 | @a汪林茂@9wang lin mao@f(1949~)@4著 |
| 801 | 0 | @aCN@b百万庄@c20170616 |
| 905 | @b1011303-8@dK252.03@e29=2@f6 | |
| 晚清文化史/汪林茂著 .-修订版.-合肥:安徽文艺出版社,2016 |
| 14,428页;24cm.-(中国历代文化史书系) |
| ISBN 978-7-5396-5739-4:CNY58.00 |
| 本书内容包括:经学的衰变、经典的虚化和经学的异化、走出经学、重整知识和观念体系、开启新方向、规律下的近代文化扩展、伦理观念的更新、西学知识的引进和传播等。 |
| ● |
| 相关链接 |
|
|
|
|
正题名:晚清文化史
索取号:K252.03/29=2
 
预约/预借
| 序号 | 登录号 | 条形码 | 馆藏地/架位号 | 状态 | 备注 |
| 1 | 1011303 | 210113036 | 第二样本阅览室/ [索取号:K252.03/29=2] | 在馆 | |
| 2 | 1011304 | 210113045 | 教育系资料室/ [索取号:K252.03/29=2] | 在馆 | |
| 3 | 1011305 | 210113054 | 教育系资料室/ [索取号:K252.03/29=2] | 在馆 | |
| 4 | 1011306 | 210113063 | 教育系资料室/ [索取号:K252.03/29=2] | 在馆 | |
| 5 | 1011307 | 210113072 | 第二借阅区/ [索取号:K252.03/29=2] | 在馆 | |
| 6 | 1011308 | 210113081 | 第二借阅区/ [索取号:K252.03/29=2] | 在馆 |